Responses for Show #6606 - Monday, May 13, 2013

2013 College Championship semifinal game 1.

Contestants

[<< previous game]

Trevor Walker, a sophomore at MIT from Miami Shores, Florida

Daniel Donohue, a junior at Northwestern University from Arlington Heights, Illinois

Hannah Shoenhard, a junior at Scripps College originally from Tulsa, Oklahoma

[next game >>]

Jeopardy! Round responses

PACK 12
SAME VOWEL WORDS
TALES OF HIGH ADVENTURE
ALL THE SINGLE LADIES
THE 2012 TEAM MVP
YOU DID BAD
    $200 10
roses

Hannah
    $200 3
the fulcrum

Trevor
    $200 1
the Andes

Hannah
    $200 16
Elizabeth I

Hannah
    $200 26
Notre Dame

Daniel
    $200 21
expulsion

Hannah
    $400 11
shuttlecocks

Daniel
    $400 4
diminishing returns

Trevor
    $400 2
(Hannah: What is the South Pole?)

the North Pole

HannahTrevor
    $400 17
(Florence) Nightingale

Daniel
    $400 27
the Detroit Tigers

Daniel
    $400 22
society

Daniel
    $600 12
crawfish

Hannah
    $600 5
mañana

Hannah
    $600 6
wolf

Trevor
    $600 20
(Lizzie) Borden

Hannah
    $600 28
the (Minnesota) Vikings

Hannah
    $600 23
guilt

Hannah
    $800 13
Duracell

Daniel
    $800 7
to persevere

Daniel
    $800 9
Tarzan

Trevor
    $800 19
Susan B. Anthony

Daniel
    $800 29
the Boston Red Sox

Triple Stumper
    $1,000 24
(Hannah: What is exile?)

ostracism

Hannah
    $1000 15
balaclavas

Daniel
    $1000 8
bloodshot

Hannah
    $1000 14
(Daniel: What is Kim?)

The Man Who Would be King

Daniel
Triple Stumper
    $1000 18
Gertrude Stein

Daniel
    $1000 30
(Hannah: Who are the Ducks?)

the New York Rangers

Hannah
Triple Stumper
    $1000 25
disgrace

Daniel

Scores at the first commercial break (after clue 15):

Hannah Daniel Trevor
$2,200 $2,000 $2,400

Scores at the end of the Jeopardy! Round:

Hannah Daniel Trevor
$2,400 $6,200 $2,400

Double Jeopardy! Round responses

CNN TOURISM
ALL UP IN YOUR BUSINESS
SIDEKICKS
THE 17th CENTURY
2 ANIMALS IN ONE
YOU DID GOOD
    $400 17
(Trevor: What are spires?)

minarets

DanielTrevor
    $400 22
a Prius

Trevor
    $400 6
Superman

Trevor
    $400 1
[Hannah selected the first clue.]

Salem

Hannah
    $400 11
a horsefly

Daniel
    $400 16
great

Hannah
    $800 18
the Forbidden City

Hannah
    $800 23
Kinko's

Trevor
    $800 7
Tonto

Daniel
    $800 2
the Thirty Years' War

Daniel
    $800 12
a catfish

Trevor
    $800 30
fine

Trevor
    $1200 19
Champs-Élysées

Daniel
    $1200 24
Staples

Trevor
    $1200 8
Kato

Trevor
    $1200 3
the King James Bible

Hannah
    $1200 13
an elephant seal

Trevor
    $1200 29
prime

Trevor
    $1600 20
Ginza

Daniel
    $1600 25
American & U.S.

Daniel
    $1600 9
Sideshow Bob

Daniel
    $1600 4
(Daniel: What is Denmark?)

Sweden

Daniel
Triple Stumper
    $2,000 14
a kangaroo rat

Trevor
    $1600 28
awesome

Trevor
    $2000 21
the Millennium Wheel

Trevor
    $2000 26
(Daniel: What is Microsoft?)

Sharp

Daniel
Triple Stumper
    $2000 10
Skeletor

Trevor
    $2,000 5
(Jan) Vermeer

Hannah
    $2000 15
a tiger shark

Trevor
    $2000 27
(Hannah: What is terrible?)

terrific

Hannah
Triple Stumper

Scores at the end of the Double Jeopardy! Round:

Hannah Daniel Trevor
$5,200 $11,000 $19,600

[wagering suggestions for these scores]

Final Jeopardy! Round responses

AUTHORS IN THE NEWS
HannahWho is Ray Bradbury?
$0
DanielWho was Arthur C Clarke?
$10,998
TrevorWho is Sagan
$2,401
Ray Bradbury

Final scores:

Hannah Daniel Trevor
$5,200 $2 $17,199
2nd place: $10,000 3rd place: $10,000 Finalist

Game dynamics:

Coryat scores:

Hannah Daniel Trevor
$6,200 $11,000 $19,200
15 R
(including 1 DD),
4 W
(including 1 DD)
19 R,
3 W
19 R
(including 1 DD),
1 W

Combined Coryat: $36,400

[game clues] [game scores] [suggest correction]

Game tape date: 2013-04-09
The J! Archive is created by fans, for fans. Scraping, republication, monetization, and malicious use prohibited; this site may use cookies and collect identifying information. See terms. The Jeopardy! game show and all elements thereof, including but not limited to copyright and trademark thereto, are the property of Jeopardy Productions, Inc. and are protected under law. This website is not affiliated with, sponsored by, or operated by Jeopardy Productions, Inc. Join the discussion at JBoard.tv.